000 00553nam a2200181 4500
001 116417
003 ES-MaACL
005 20230906190713.0
007 t|
008 061121s1969 sp r ||||1| spa d
100 1 _aOssowski, Stanislaw.
_987805
245 1 0 _aEstructura de clases y conciencia social /
_cStanislaw Ossowski ; traducción de M. Bustamente Ortiz.
250 _a1ª. ed.
260 _aBarcelona :
_bPenínsula,
_c1969.
300 _a256 p. ;
_c20 cm.
700 1 _aBustamente Ortiz, M.
_932887
852 _aES-MaACL
_jC-39452
_bR.70954
999 _c116417
_d116417